Nikias Skapinakis (Registo nº 200558)

Detalhes MARC
000 -Etiqueta do registo
Valores 00690nam 22002173 4500
010 ## - Número ISBN
ISBN 989-625-105-3
021 ## - Número do Depósito Legal
Código do país Portugal
Número 250416/06
100 ## - Dados gerais de processamento
Dados gerais 20260212d u||y0pory50 ba
200 ## - Titulo e menção de responsabilidade
Título próprio Nikias Skapinakis
Informação de outro título uma pintura desalinhada
Primeira menção de responsabilidade Bernardo Pinto de Almeida
205 ## - Menção da edição
Edição
210 ## - Publicação
Local de publicação Lisboa
Nome do editor Campo da Letras
Data de publicação 2006
215 ## - Descrição física 
Paginação / Volumes 195, [10] p.
Outras indicações físicas il. ; brochado
Dimensões 31 cm
317 ## - Nota de proveniência
Texto da nota .- oferta com dedicatória do escritor ao Prof. Dr. Almeida Faria.
606 ## - Nome comum usado como assunto
ID Autoridade 2477
Palavra de ordem Pintura
Subdivisão assunto Pintores
675 ## - CDU
Notação 75Skapinakis, Nikias
Edição PT
Língua por
700 ## - Autor principal (pessoa individual)
ID Autoridade 8967
Apelido Almeida
Nome Bernardo Pinto de
Datas 1954-
801 ## - Fonte de origem
País PT
Agência BMMN
Regras de catalogação RPC
830 ## - Notas gerais do catalogador
Criado por Ana
Indexado por Ana
990 ## - Elementos KOHA
Tipo de documento Livro
Exemplares
Situação do levantamento Biblioteca de origem Código de barras Cota Permissão de empréstimo Tipo de documento Nota relativa ao exemplar Forma de aquisição
  Biblioteca Municipal de Montemor-o-Novo 29752 75 ALM|SAF   Livro Acesso condicionado Oferta

Powered by Koha